[Event "Buenos Aires Szmetan Giardelli op"]
[Site "Buenos Aires"]
[Date "2018.12.12"]
[Round "9"]
[White "Flores, Nicolas Ruben"]
[Black "Maggiolo, Elisa"]
[Result "1-0"]
[WhiteElo "1727"]
[BlackElo "1987"]
[PlyCount "89"]
[EventDate "2018.12.04"]
[EventType "swiss"]
[EventRounds "9"]
[EventCountry "ARG"]
[SourceTitle "EXT 2024"]
[Source "ChessBase"]
[SourceDate "2023.10.10"]
[SourceVersion "1"]
[SourceVersionDate "2023.10.10"]
[SourceQuality "1"]

1. d4 Nf6 2. Bf4 g6 3. Nf3 Bg7 4. e3 0-0 5. Be2 d6 6. h3 Nc6 7. c3 Re8 8. 0-0 Bf5 9. Nbd2 e5 10. Bh2 e4 11. Ne1 Qd7 12. Nc2 h5 13. b4 Ne7 14. Nb3 h4 15. c4 g5 16. Rc1 Ng6 17. Kh1 g4 18. hxg4 Nxg4 19. Bxg4 Bxg4 20. f3 Bh5 21. Qd2 h3 22. g4 Bxg4 23. fxg4 Qxg4 24. Rf2 Nh4 25. Rf4 Qh5 26. Qf2 Nf3 27. Qg3 Kh8 28. Qg4 Qh7 29. Rxf7 Nxh2 30. Qxg7+ Qxg7 31. Rxg7 Kxg7 32. Kxh2 Re6 33. d5 Rg6 34. Nbd4 Rg2+ 35. Kxh3 Rg6 36. Ne6+ Kf6 37. Rf1+ Ke7 38. Rf4 Rh8+ 39. Rh4 Rxh4+ 40. Kxh4 Rg2 41. Ned4 Kf6 42. b5 Ke5 43. a4 Kf6 44. a5 b6 45. a6 1-0

[Event "Buenos Aires Szmetan Giardelli op"]
[Site "Buenos Aires"]
[Date "2018.12.05"]
[Round "2"]
[White "Maggiolo, Elisa"]
[Black "Rodriguez, Julio"]
[Result "1-0"]
[WhiteElo "1987"]
[BlackElo "1667"]
[PlyCount "111"]
[EventDate "2018.12.04"]
[EventType "swiss"]
[EventRounds "9"]
[EventCountry "ARG"]
[SourceTitle "CBM 187 Extra"]
[Source "ChessBase"]
[SourceDate "2018.11.04"]
[SourceVersion "1"]
[SourceVersionDate "2018.11.04"]
[SourceQuality "1"]

1. e4 c5 2. Nf3 d6 3. Bb5+ Bd7 4. Bxd7+ Nxd7 5. 0-0 Ngf6 6. Re1 e6 7. c3 Be7 8. d3 0-0 9. Nbd2 Qc7 10. Nf1 Rfd8 11. Qe2 Rac8 12. Bd2 c4 13. d4 e5 14. Ng3 Re8 15. b4 cxb3 16. axb3 a6 17. Nh4 exd4 18. cxd4 Qb6 19. Nhf5 Bf8 20. Qf3 Rc2 21. Bg5 Rec8 22. Rad1 R8c3 23. Qf4 Rxb3 24. Nh6+ gxh6 25. Bxf6 Nxf6 26. Qxf6 Bg7 27. Qe7 Rc8 28. Nf5 Qd8 29. e5 Bf8 30. Qxd8 Rxd8 31. exd6 Bxd6 32. Nxh6+ Kg7 33. Nf5+ Kf6 34. g3 Bb4 35. Re2 a5 36. d5 Bd6 37. Ra2 b6 38. Nd4 Rb4 39. h3 Re8 40. Nf5 Rd8 41. Nd4 Rc4 42. Rd3 a4 43. Kg2 Bc5 44. Nc6 Rd6 45. Rf3+ Kg7 46. Ne5 Rd4 47. Rxf7+ Kh6 48. h4 R4xd5 49. Ng4+ Kh5 50. Rxa4 b5 51. Rxh7+ Kg6 52. Rh6+ Kf5 53. Rxd6 Bxd6 54. Ne3+ Ke5 55. f4+ Kf6 56. Ra6 1-0

[Event "Neuquen Patagonia op 3rd"]
[Site "Neuquen"]
[Date "2017.11.19"]
[Round "2"]
[White "Maggiolo, Elisa"]
[Black "Hernandez Guerrero, Gilberto Eduardo"]
[Result "0-1"]
[WhiteElo "1993"]
[BlackElo "2528"]
[PlyCount "52"]
[EventDate "2017.11.18"]
[EventType "swiss"]
[EventRounds "9"]
[EventCountry "ARG"]
[SourceTitle "CBM 181 Extra"]
[Source "ChessBase"]
[SourceDate "2017.12.12"]
[SourceVersion "1"]
[SourceVersionDate "2017.12.12"]
[SourceQuality "1"]

1. e4 c5 2. Nf3 e6 3. c3 Nf6 4. Bd3 d5 5. e5 Nfd7 6. 0-0 Nc6 7. Re1 g5 8. g4 h5 9. h3 hxg4 10. hxg4 c4 11. Bc2 Qc7 12. Qe2 Bg7 13. Ba4 Nc5 14. Bc2 Nd3 15. Bxd3 cxd3 16. Qxd3 Nxe5 17. Nxe5 Bxe5 18. Qf3 d4 19. cxd4 Bxd4 20. Nc3 Bd7 21. d3 Bxc3 22. bxc3 Bc6 23. Re4 Qh2+ 24. Kf1 Qh1+ 25. Ke2 Qxf3+ 26. Kxf3 0-0-0 0-1

[Event "ARG-ch (Women)"]
[Site "Buenos Aires"]
[Date "2015.09.08"]
[Round "5"]
[White "Lujan, Carolina"]
[Black "Maggiolo, Elisa"]
[Result "1-0"]
[WhiteElo "2372"]
[BlackElo "2057"]
[PlyCount "55"]
[EventDate "2015.09.04"]
[EventType "swiss"]
[EventRounds "8"]
[EventCountry "ARG"]
[SourceTitle "EXT 2016"]
[Source "ChessBase"]
[SourceDate "2015.10.08"]
[SourceVersion "1"]
[SourceVersionDate "2015.10.08"]
[SourceQuality "1"]

1. e4 c5 2. Nf3 Nc6 3. Bb5 g6 4. 0-0 Bg7 5. Re1 e5 6. c3 Nge7 7. d4 cxd4 8. cxd4 exd4 9. Bf4 0-0 10. Bd6 Qb6 11. Bxc6 Nxc6 12. Bxf8 Bxf8 13. Nbd2 Qxb2 14. Nb3 b6 15. Re2 Qa3 16. Nbxd4 Ba6 17. Re3 Qe7 18. Qa4 Bb7 19. Rd1 a6 20. e5 b5 21. Nxc6 Bxc6 22. Qf4 a5 23. h4 b4 24. Nd4 a4 25. e6 fxe6 26. Nxc6 dxc6 27. Qc4 c5 28. Rxe6 1-0

[Event "ARG-ch (Women)"]
[Site "Buenos Aires"]
[Date "2015.09.06"]
[Round "3"]
[White "Meza, Anahi Silvina"]
[Black "Maggiolo, Elisa"]
[Result "0-1"]
[WhiteElo "2042"]
[BlackElo "2057"]
[PlyCount "92"]
[EventDate "2015.09.04"]
[EventType "swiss"]
[EventRounds "8"]
[EventCountry "ARG"]
[SourceTitle "EXT 2016"]
[Source "ChessBase"]
[SourceDate "2015.10.08"]
[SourceVersion "1"]
[SourceVersionDate "2015.10.08"]
[SourceQuality "1"]

1. d4 Nf6 2. c4 g6 3. Nc3 d5 4. cxd5 Nxd5 5. e4 Nxc3 6. bxc3 Bg7 7. Bc4 c5 8. Be3 Nc6 9. Ne2 0-0 10. Rc1 cxd4 11. cxd4 Qa5+ 12. Kf1 Bd7 13. h4 Rfc8 14. Kg1 Nd8 15. h5 Ba4 16. Qd3 b5 17. Bd5 Rxc1+ 18. Bxc1 Rc8 19. Bd2 Qc7 20. hxg6 hxg6 21. Qh3 Qc2 22. Qh7+ Kf8 23. Bh6 Ke8 24. Nf4 Bxh6 25. Qxh6 e6 26. Qh8+ Kd7 27. Qe5 exd5 28. Qxd5+ Kc7 29. g3 Kb8 30. Rh7 Qc7 31. Kg2 b4 32. Nxg6 Bc6 33. Qf5 fxg6 34. Qxg6 Qb6 35. Qd6+ Ka8 36. d5 Bb7 37. Qf4 a5 38. Rh6 Qd4 39. Rh4 a4 40. Qd6 Nf7 41. Qd7 Ne5 42. Qxa4+ Kb8 43. Qb5 Nd3 44. Qd7 Qxf2+ 45. Kh3 Qf1+ 46. Kg4 Ne5+ 0-1

[Event "ARG-ch (Women)"]
[Site "Buenos Aires"]
[Date "2015.09.04"]
[Round "1"]
[White "Altamiranda, Maria Elisa"]
[Black "Maggiolo, Elisa"]
[Result "0-1"]
[WhiteElo "1658"]
[BlackElo "2057"]
[PlyCount "69"]
[EventDate "2015.09.04"]
[EventType "swiss"]
[EventRounds "8"]
[EventCountry "ARG"]
[SourceTitle "EXT 2016"]
[Source "ChessBase"]
[SourceDate "2015.10.08"]
[SourceVersion "1"]
[SourceVersionDate "2015.10.08"]
[SourceQuality "1"]

1. e4 c5 2. d3 Nc6 3. Nf3 g6 4. g3 Bg7 5. Bg2 d6 6. 0-0 e6 7. Re1 Nge7 8. c3 0-0 9. Na3 a6 10. Nc2 b5 11. e5 d5 12. d4 cxd4 13. cxd4 Nf5 14. Ne3 a5 15. Nxf5 exf5 16. Be3 Be6 17. Bg5 Qb6 18. Qd2 Rfc8 19. a3 a4 20. Bf6 Na5 21. Bxg7 Kxg7 22. Qg5 Qd8 23. Qxd8 Rxd8 24. Ng5 Rdc8 25. Nxe6+ fxe6 26. Red1 Nb3 27. Rab1 b4 28. Bf1 Rab8 29. Rd3 Rc2 30. Rdd1 Nd2 31. Bd3 b3 32. Bxc2 bxc2 33. Rbc1 cxd1Q+ 34. Rxd1 Rxb2 35. Kg2 0-1

[Event "ARG-chT (Women)"]
[Site "Villa Martelli"]
[Date "2015.06.06"]
[Round "2.2"]
[White "Maggiolo, Elisa"]
[Black "Suito Nakasone, Catherine"]
[Result "1-0"]
[WhiteElo "2043"]
[BlackElo "1854"]
[PlyCount "52"]
[EventDate "2015.05.30"]
[EventType "team-swiss"]
[EventRounds "7"]
[EventCountry "ARG"]
[SourceTitle "EXT 2016"]
[Source "ChessBase"]
[SourceDate "2015.10.08"]
[SourceVersion "1"]
[SourceVersionDate "2015.10.08"]
[SourceQuality "1"]
[WhiteTeam "San Isidro (W)"]
[BlackTeam "Club Argentino (W)"]
[WhiteTeamCountry "ARG"]
[BlackTeamCountry "ARG"]

1. e4 e5 2. Nc3 Nc6 3. f4 exf4 4. Nf3 g5 5. h3 Bg7 6. d4 d6 7. Bc4 h6 8. 0-0 Nge7 9. h4 g4 10. Bxf4 gxf3 11. Qxf3 0-0 12. Qh5 Kh7 13. Bxf7 Bg4 14. Qxg4 Rxf7 15. Bxh6 Bxd4+ 16. Kh2 Rxf1 17. Rxf1 Ng6 18. Bg5 Qe8 19. Nd5 Nge5 20. Qh3 Qc8 21. Rf5 Bb6 22. Qg3 Nd4 23. Nf6+ Kh8 24. Rf1 Ne2 25. Qe1 Ng4+ 26. Kh1 Nd4 1-0

[Event "ARG-chT (Women)"]
[Site "Villa Martelli"]
[Date "2014.06.21"]
[Round "6.1"]
[White "Zalimben, Maria Luz"]
[Black "Maggiolo, Elisa"]
[Result "0-1"]
[WhiteElo "1784"]
[BlackElo "2020"]
[PlyCount "84"]
[EventDate "2014.05.17"]
[EventType "team-swiss"]
[EventRounds "7"]
[EventCountry "ARG"]
[SourceTitle "EXT 2015"]
[Source "ChessBase"]
[SourceDate "2014.11.20"]
[SourceVersion "1"]
[SourceVersionDate "2014.11.20"]
[SourceQuality "1"]
[WhiteTeam "Club Argentino (W)"]
[BlackTeam "Republica Martelli (W)"]
[WhiteTeamCountry "ARG"]
[BlackTeamCountry "ARG"]

1. d4 Nf6 2. c4 g6 3. Nc3 d5 4. cxd5 Nxd5 5. e4 Nxc3 6. bxc3 Bg7 7. Bc4 c5 8. Ne2 0-0 9. 0-0 Nc6 10. Be3 cxd4 11. cxd4 Bg4 12. f3 Bd7 13. Rc1 a6 14. h3 b5 15. Bd3 e6 16. f4 Rc8 17. Qd2 Qa5 18. e5 Rfd8 19. Be4 Bf8 20. Qxa5 Nxa5 21. d5 Nc4 22. dxe6 Bxe6 23. Bf2 Nd2 24. Rxc8 Bxc8 25. Bb6 Re8 26. Bc6 Re6 27. Rc1 Nc4 28. Nd4 Nxb6 29. Nxe6 Bxe6 30. Rc2 Bc4 31. Kf2 a5 32. g4 a4 33. Kf3 a3 34. f5 b4 35. Be4 b3 36. axb3 Bxb3 37. Rc1 g5 38. Ke3 a2 39. e6 fxe6 40. f6 Ba3 41. Rf1 Nd5+ 42. Kd3 Nxf6 0-1

[Event "ARG-ch (Women)"]
[Site "San Luis"]
[Date "2013.10.08"]
[Round "9"]
[White "Maggiolo, Elisa"]
[Black "Carraro, Denise"]
[Result "1/2-1/2"]
[WhiteElo "2030"]
[BlackElo "2119"]
[PlyCount "82"]
[EventDate "2013.10.01"]
[EventType "swiss"]
[EventRounds "9"]
[EventCountry "ARG"]
[SourceTitle "CBM 157 Extra"]
[Source "ChessBase"]
[SourceDate "2013.12.19"]
[SourceVersion "1"]
[SourceVersionDate "2013.12.19"]
[SourceQuality "1"]

1. e4 g6 2. d4 d6 3. Nc3 Bg7 4. Be3 Nd7 5. Qd2 a6 6. f4 b5 7. a3 Bb7 8. h3 e6 9. Nf3 Ngf6 10. e5 Nd5 11. Nxd5 Bxd5 12. Bd3 c5 13. 0-0 Bxf3 14. Rxf3 cxd4 15. Bxd4 dxe5 16. fxe5 Nxe5 17. Bxe5 Bxe5 18. Qh6 Qd4+ 19. Kh1 Bg7 20. Qg5 Qxb2 21. Raf1 0-0 22. Qe7 f5 23. Qxe6+ Kh8 24. g4 fxg4 25. hxg4 Rxf3 26. Rxf3 Qxa3 27. Kg2 Rd8 28. Bxg6 Rd2+ 29. Kg3 Qd6+ 30. Qxd6 Rxd6 31. Bd3 b4 32. Kf4 a5 33. Bb5 Rd4+ 34. Kg5 Kg8 35. Ba4 h6+ 36. Kh5 Kh7 37. Rf5 Rd1 38. Kh4 Re1 39. Rxa5 Re3 40. g5 hxg5+ 41. Kxg5 Re5+ 1/2-1/2

[Event "ARG-ch (Women)"]
[Site "San Luis"]
[Date "2013.10.06"]
[Round "7"]
[White "Nejanky, Maisa"]
[Black "Maggiolo, Elisa"]
[Result "1/2-1/2"]
[WhiteElo "2039"]
[BlackElo "2030"]
[PlyCount "82"]
[EventDate "2013.10.01"]
[EventType "swiss"]
[EventRounds "9"]
[EventCountry "ARG"]
[SourceTitle "CBM 157 Extra"]
[Source "ChessBase"]
[SourceDate "2013.12.19"]
[SourceVersion "1"]
[SourceVersionDate "2013.12.19"]
[SourceQuality "1"]

1. e4 c5 2. Nf3 e6 3. d4 cxd4 4. Nxd4 Nf6 5. Nc3 Nc6 6. Ndb5 d6 7. Bf4 e5 8. Bg5 a6 9. Na3 b5 10. Bxf6 gxf6 11. Nd5 Bg7 12. c3 0-0 13. Nc2 f5 14. exf5 Bxf5 15. Nce3 Be6 16. Bd3 f5 17. Qh5 e4 18. Bc2 Ne7 19. Rd1 Ng6 20. f4 exf3 21. 0-0 f4 22. Nf5 fxg2 23. Rf2 Ra7 24. Nxf4 Bxf5 25. Bxf5 Qf6 26. Be6+ Kh8 27. Nxg6+ Qxg6 28. Rxf8+ Bxf8 29. Qxg6 hxg6 30. Kxg2 Kg7 31. Kf3 Kf6 32. Bb3 Rh7 33. Kg3 Rh5 34. Bc2 Rg5+ 35. Kf3 d5 36. h4 Rh5 37. Kg4 Be7 38. Re1 Rh7 39. Bb3 Rh5 40. Bc2 Rh7 41. Bb3 Rh5 1/2-1/2

[Event "ARG-ch (Women)"]
[Site "San Luis"]
[Date "2013.10.02"]
[Round "3"]
[White "Maggiolo, Elisa"]
[Black "Martinez, Ayelen"]
[Result "0-1"]
[WhiteElo "2030"]
[BlackElo "2101"]
[PlyCount "116"]
[EventDate "2013.10.01"]
[EventType "swiss"]
[EventRounds "9"]
[EventCountry "ARG"]
[SourceTitle "CBM 157 Extra"]
[Source "ChessBase"]
[SourceDate "2013.12.19"]
[SourceVersion "1"]
[SourceVersionDate "2013.12.19"]
[SourceQuality "1"]

1. e4 c5 2. Nf3 e6 3. c3 Nf6 4. e5 Nd5 5. d4 cxd4 6. cxd4 d6 7. Nc3 Nxc3 8. bxc3 Qc7 9. Bd2 Nd7 10. exd6 Bxd6 11. Bd3 b6 12. 0-0 Bb7 13. Re1 0-0 14. h3 Bf4 15. Rc1 Bxf3 16. Bxf4 Qxf4 17. Qxf3 Qxf3 18. gxf3 Nf6 19. Red1 Rfd8 20. c4 Kf8 21. Bf1 Rd6 22. c5 bxc5 23. dxc5 Rxd1 24. Rxd1 Rc8 25. Rc1 Ke7 26. Bb5 Nd7 27. c6 Ne5 28. f4 Nf3+ 29. Kg2 Nd4 30. a4 Rc7 31. Rc4 Nf5 32. Kf3 Kd6 33. Ke4 g6 34. Rc1 Ne7 35. Rd1+ Nd5 36. Bc4 f5+ 37. Kd4 Rxc6 38. Re1 Nxf4 39. h4 e5+ 40. Kc3 Nd5+ 41. Kb3 Rc5 42. h5 e4 43. h6 Ke5 44. f3 Nf6 45. Kb4 Rc7 46. a5 Kf4 47. fxe4 Nxe4 48. Bd5 Nf6 49. Bg2 Ng4 50. Kb5 Nxh6 51. Ka6 Nf7 52. Rd1 Ke5 53. Bb7 Nd6 54. Re1+ Kf4 55. Ba8 g5 56. Rd1 Nc4 57. Rc1 Rc5 58. Ra1 g4 0-1

[Event "Villa Martelli La Razon-B"]
[Site "Villa Martelli"]
[Date "2012.10.28"]
[Round "6"]
[White "Feliciano Ebert, Vanessa"]
[Black "Maggiolo, Elisa"]
[Result "1/2-1/2"]
[WhiteElo "2268"]
[BlackElo "2054"]
[PlyCount "54"]
[EventDate "2012.10.23"]
[EventType "tourn"]
[EventRounds "10"]
[EventCountry "ARG"]
[EventCategory "1"]
[SourceTitle "EXT 2013"]
[Source "ChessBase"]
[SourceDate "2012.11.22"]
[SourceVersion "1"]
[SourceVersionDate "2012.11.22"]
[SourceQuality "1"]

1. d4 Nf6 2. c4 g6 3. Nc3 d5 4. cxd5 Nxd5 5. e4 Nxc3 6. bxc3 Bg7 7. Nf3 c5 8. Rb1 0-0 9. Be2 cxd4 10. cxd4 Qa5+ 11. Bd2 Qxa2 12. 0-0 Nc6 13. Bg5 e5 14. dxe5 Nxe5 15. Nxe5 Bxe5 16. Be7 Re8 17. Bb5 Bg4 18. Qxg4 Rxe7 19. Kh1 a6 20. Bd7 Bg7 21. Rxb7 Qc4 22. Rfb1 h5 23. Qf3 Qxe4 24. Qxe4 Rxe4 25. Bc6 Rd4 26. Rxf7 Rad8 27. Re7 Rd1+ 1/2-1/2

[Event "Villa Martelli La Razon-B"]
[Site "Villa Martelli"]
[Date "2012.10.27"]
[Round "5"]
[White "Stewart, William John"]
[Black "Maggiolo, Elisa"]
[Result "1-0"]
[WhiteElo "2253"]
[BlackElo "2054"]
[PlyCount "87"]
[EventDate "2012.10.23"]
[EventType "tourn"]
[EventRounds "10"]
[EventCountry "ARG"]
[EventCategory "1"]
[SourceTitle "EXT 2013"]
[Source "ChessBase"]
[SourceDate "2012.11.22"]
[SourceVersion "1"]
[SourceVersionDate "2012.11.22"]
[SourceQuality "1"]

1. e4 c5 2. Nf3 Nc6 3. Bb5 Nd4 4. Nxd4 cxd4 5. 0-0 Nf6 6. Qf3 a6 7. Ba4 Qa5 8. Bb3 d6 9. c3 dxc3 10. bxc3 Bg4 11. Qe3 h5 12. f4 e5 13. f5 h4 14. h3 Bh5 15. Na3 d5 16. exd5 Bxa3 17. Bxa3 Qxa3 18. d4 e4 19. Rf4 Rc8 20. Rxh4 a5 21. Rc1 a4 22. Bd1 Kf8 23. Rc2 b5 24. g4 b4 25. Qc1 Qxc1 26. Rxc1 Nxd5 27. Bxa4 Nxc3 28. Rc2 Ke7 29. Bb3 Rhd8 30. d5 Kf6 31. gxh5 Kxf5 32. Rg4 Ke5 33. Rxg7 f5 34. Re7+ Kd4 35. d6 f4 36. d7 Ke3 37. dxc8Q Rxc8 38. h6 f3 39. Kf1 Rd8 40. Rxc3+ bxc3 41. Bc2 Rh8 42. h7 Rd8 43. Rxe4+ Kd2 44. Rd4+ 1-0

[Event "Buenos Aires Diez Reinas (Women) 2nd"]
[Site "Buenos Aires"]
[Date "2011.09.19"]
[Round "7"]
[White "Chang, Suzana"]
[Black "Maggiolo, Elisa"]
[Result "1/2-1/2"]
[WhiteElo "2001"]
[BlackElo "2075"]
[PlyCount "75"]
[EventDate "2011.09.13"]
[EventType "tourn"]
[EventRounds "9"]
[EventCountry "ARG"]
[SourceTitle "CBM 144 Extra"]
[Source "ChessBase"]
[SourceDate "2011.10.28"]
[SourceVersion "1"]
[SourceVersionDate "2011.10.28"]
[SourceQuality "1"]

1. c4 Nf6 2. Nc3 d5 3. cxd5 Nxd5 4. g3 g6 5. Bg2 Nxc3 6. dxc3 Qxd1+ 7. Kxd1 Bg7 8. Kc2 0-0 9. a4 a5 10. e4 Be6 11. Nf3 h6 12. Nd4 Bc4 13. b3 Ba6 14. Ba3 Re8 15. Rad1 e5 16. Nb5 Bxb5 17. axb5 c6 18. Bf1 a4 19. Bc4 axb3+ 20. Kxb3 cxb5 21. Bxb5 Nc6 22. Rd7 Red8 23. Rhd1 Rxd7 24. Rxd7 Rc8 25. Bb4 Bf8 26. Bc4 Bxb4 27. Bxf7+ Kf8 28. cxb4 Nd4+ 29. Kb2 Rc2+ 30. Kb1 Rxf2 31. Bxg6 Rxh2 32. Rf7+ Kg8 33. Rxb7 Rg2 34. Bf7+ Kf8 35. Bd5 Rxg3 36. Rf7+ Ke8 37. Rh7 Rh3 38. b5 1/2-1/2

[Event "Buenos Aires Diez Reinas (Women) 2nd"]
[Site "Buenos Aires"]
[Date "2011.09.17"]
[Round "5"]
[White "Cori Tello, Deysi Estella"]
[Black "Maggiolo, Elisa"]
[Result "1-0"]
[WhiteElo "2416"]
[BlackElo "2075"]
[PlyCount "53"]
[EventDate "2011.09.13"]
[EventType "tourn"]
[EventRounds "9"]
[EventCountry "ARG"]
[SourceTitle "CBM 144 Extra"]
[Source "ChessBase"]
[SourceDate "2011.10.28"]
[SourceVersion "1"]
[SourceVersionDate "2011.10.28"]
[SourceQuality "1"]

1. e4 c5 2. Nf3 Nc6 3. Bb5 Nd4 4. Nxd4 cxd4 5. 0-0 g6 6. e5 Bg7 7. Qe2 Nh6 8. c3 dxc3 9. dxc3 0-0 10. Rd1 Nf5 11. Bf4 d5 12. exd6 Nxd6 13. Na3 Qb6 14. Ba4 Be6 15. Bg5 Bf6 16. Be3 Qa5 17. Bb3 Qf5 18. Nc2 Bxb3 19. axb3 Qe6 20. Nb4 Rfc8 21. Qc2 b6 22. Nd5 Be5 23. Rd2 Nf5 24. Re1 Rd8 25. c4 Rac8 26. Qd1 Bb8 27. Nf6+ 1-0

[Event "Buenos Aires Diez Reinas (Women) 2nd"]
[Site "Buenos Aires"]
[Date "2011.09.15"]
[Round "3"]
[White "Maggiolo, Elisa"]
[Black "Nejanky, Maisa"]
[Result "1-0"]
[WhiteElo "2075"]
[BlackElo "2069"]
[PlyCount "121"]
[EventDate "2011.09.13"]
[EventType "tourn"]
[EventRounds "9"]
[EventCountry "ARG"]
[SourceTitle "CBM 144 Extra"]
[Source "ChessBase"]
[SourceDate "2011.10.28"]
[SourceVersion "1"]
[SourceVersionDate "2011.10.28"]
[SourceQuality "1"]

1. e4 c5 2. Nf3 d6 3. Bb5+ Bd7 4. Bxd7+ Qxd7 5. 0-0 Nf6 6. e5 dxe5 7. Nxe5 Qd4 8. Qe2 Nbd7 9. Nf3 Qe4 10. Qxe4 Nxe4 11. Re1 Nef6 12. Nc3 a6 13. d4 cxd4 14. Nxd4 e6 15. a3 Bc5 16. Nb3 Ba7 17. h3 Rc8 18. Be3 Bxe3 19. Rxe3 0-0 20. Rd1 h6 21. Kf1 Rc7 22. Rd6 Rfc8 23. Ke2 Ne8 24. Rd1 Nb6 25. Na5 Kf8 26. f4 Nf6 27. Rf3 g6 28. g4 h5 29. f5 exf5 30. gxf5 g5 31. Rd6 Nbd7 32. Rfd3 Re8+ 33. Kd1 Re5 34. Nd5 Nxd5 35. R3xd5 Rxd5+ 36. Rxd5 Ke7 37. Nb3 Nb6 38. f6+ Ke6 39. Rxg5 h4 40. Rh5 Nc4 41. Kc1 Kxf6 42. Rxh4 Kg5 43. Rg4+ Kf6 44. Nd4 Ke5 45. Nf3+ Kf5 46. Rd4 Ne3 47. c3 Nc4 48. Kc2 Ne3+ 49. Kd3 Nd1 50. Kc2 Ne3+ 51. Kb3 Rc6 52. c4 Ng2 53. Rd7 Rb6+ 54. Kc3 f6 55. c5 Rc6 56. Nd4+ Ke5 57. Nxc6+ bxc6 58. Rd6 f5 59. Rxc6 f4 60. Kd3 Kd5 61. Rc8 1-0

[Event "Buenos Aires Diez Reinas (Women)"]
[Site "Buenos Aires"]
[Date "2010.08.28"]
[Round "7"]
[White "Nejanky, Maisa"]
[Black "Maggiolo, Elisa"]
[Result "1/2-1/2"]
[WhiteElo "2057"]
[BlackElo "2052"]
[PlyCount "173"]
[EventDate "2010.08.19"]
[EventType "tourn"]
[EventRounds "9"]
[EventCountry "ARG"]
[SourceTitle "CBM 138 Extra"]
[Source "ChessBase"]
[SourceDate "2010.10.29"]
[SourceVersion "1"]
[SourceVersionDate "2010.10.29"]
[SourceQuality "1"]

1. e4 c5 2. Nf3 a6 3. c4 Nc6 4. Nc3 g6 5. d4 cxd4 6. Nxd4 Bg7 7. Be3 d6 8. Be2 Nf6 9. Qd2 Nxd4 10. Bxd4 0-0 11. f3 Qa5 12. a3 Be6 13. b4 Qc7 14. Rc1 Rfc8 15. 0-0 Nd7 16. Bxg7 Kxg7 17. Kh1 Qd8 18. Nd5 Bxd5 19. exd5 Kg8 20. f4 a5 21. Bg4 axb4 22. axb4 Ra4 23. Bd1 Ra3 24. Qb2 Rca8 25. Qd4 Nf6 26. Bf3 R8a4 27. c5 dxc5 28. Qxc5 Qd6 29. Qc8+ Kg7 30. Qxb7 Rxb4 31. Qc7 Rxf4 32. Qxd6 exd6 33. Kg1 Rd3 34. Rc6 Nxd5 35. Rxd6 Nb4 36. Rxd3 Nxd3 37. Rd1 Ne5 38. Bd5 h5 39. g3 Rf6 40. Re1 Nf3+ 41. Bxf3 Rxf3 42. Kg2 Ra3 43. Re2 g5 44. h3 f5 45. Re6 Ra2+ 46. Kg1 g4 47. hxg4 hxg4 48. Rb6 Kf7 49. Rc6 Re2 50. Ra6 Re6 51. Ra7+ Kf6 52. Kf2 Rd6 53. Ra5 Rd2+ 54. Kg1 Ke6 55. Rb5 Rd5 56. Rb8 Ke5 57. Re8+ Kd4 58. Kf2 Re5 59. Rd8+ Ke4 60. Ra8 Rc5 61. Re8+ Kd3 62. Rd8+ Ke4 63. Re8+ Kd4 64. Rd8+ Rd5 65. Re8 Kd3 66. Re3+ Kc2 67. Re8 Rd3 68. Re5 Rf3+ 69. Kg2 Kd2 70. Ra5 Ke3 71. Ra3+ Ke4 72. Ra4+ Ke5 73. Ra5+ Kf6 74. Ra6+ Kg5 75. Ra2 Rb3 76. Ra6 Rb2+ 77. Kg1 Rb5 78. Kg2 f4 79. gxf4+ Kxf4 80. Rf6+ Kg5 81. Rf8 Rf5 82. Rxf5+ Kxf5 83. Kg3 Kg5 84. Kg2 Kf4 85. Kf2 g3+ 86. Kg2 Kg4 87. Kg1 1/2-1/2

[Event "Buenos Aires Diez Reinas (Women)"]
[Site "Buenos Aires"]
[Date "2010.08.21"]
[Round "3"]
[White "Zuriel, Marisa"]
[Black "Maggiolo, Elisa"]
[Result "1-0"]
[WhiteElo "2205"]
[BlackElo "2052"]
[PlyCount "87"]
[EventDate "2010.08.19"]
[EventType "tourn"]
[EventRounds "9"]
[EventCountry "ARG"]
[SourceTitle "CBM 138 Extra"]
[Source "ChessBase"]
[SourceDate "2010.10.29"]
[SourceVersion "1"]
[SourceVersionDate "2010.10.29"]
[SourceQuality "1"]

1. e4 c5 2. Nf3 Nc6 3. d4 cxd4 4. Nxd4 Nf6 5. Nc3 e5 6. Ndb5 d6 7. Bg5 a6 8. Na3 b5 9. Nd5 Be7 10. Bxf6 Bxf6 11. c3 Ne7 12. Nxf6+ gxf6 13. Bd3 d5 14. Qe2 Qb6 15. exd5 Nxd5 16. Be4 Be6 17. 0-0-0 Qc5 18. Qf3 Rd8 19. Bxd5 Rxd5 20. Qxf6 0-0 21. Rxd5 Qxd5 22. Qg5+ Kh8 23. Rd1 Qe4 24. f3 Qe2 25. Qf6+ Kg8 26. Nc2 Bxa2 27. Re1 Qd3 28. Rxe5 Rd8 29. Qg5+ Kh8 30. Qf6+ Kg8 31. Rg5+ Kf8 32. Qg7+ Ke7 33. Qe5+ Kf8 34. Qg7+ Ke7 35. Qe5+ Kf8 36. Qg7+ Ke7 37. Re5+ Be6 38. Nd4 Ke8 39. Qf6 Qc4 40. Re1 Qd3 41. Qe5 b4 42. Rd1 Qc4 43. Qh8+ Ke7 44. Nc6+ 1-0

[Event "ARG-ch (Women)"]
[Site "Buenos Aires"]
[Date "2010.07.05"]
[Round "1"]
[White "Martinez, Luciana"]
[Black "Maggiolo, Elisa"]
[Result "0-1"]
[WhiteElo "1502"]
[BlackElo "2052"]
[PlyCount "86"]
[EventDate "2010.07.05"]
[EventType "swiss"]
[EventRounds "9"]
[EventCountry "ARG"]
[SourceTitle "CBM 137 Extra"]
[Source "ChessBase"]
[SourceDate "2010.09.01"]
[SourceVersion "1"]
[SourceVersionDate "2010.09.01"]
[SourceQuality "1"]

1. e4 c5 2. Nf3 Nc6 3. Bc4 g6 4. Nc3 Bg7 5. d3 e6 6. Be3 b6 7. d4 Na5 8. Be2 c4 9. Nb5 d6 10. Bf4 Nb7 11. Bxc4 Ne7 12. 0-0 0-0 13. Qd2 a6 14. Nc3 b5 15. Bd3 Bd7 16. Bh6 Rc8 17. Bxg7 Kxg7 18. a3 Na5 19. Qf4 Bc6 20. e5 Bxf3 21. Qf6+ Kg8 22. gxf3 d5 23. Kh1 Nc4 24. b3 Nd2 25. Rfd1 Nxb3 26. cxb3 Rxc3 27. b4 Nf5 28. Qxd8 Rxd8 29. Bxf5 exf5 30. Kg2 Rc4 31. Rac1 Rdc8 32. Rxc4 Rxc4 33. Rd3 g5 34. Kg3 Rc1 35. f4 Rg1+ 36. Kf3 g4+ 37. Ke2 Rh1 38. h3 gxh3 39. Rg3+ Kf8 40. f3 h5 41. Kf2 h4 42. Rg1 Rh2+ 43. Kf1 Ra2 0-1